000 00212 a2200097 4500
001 26802
100 _aKennody, G
245 _aThe military in the third world
260 _a
_bDuckworth
_c
090 _c18036
_d18036
942 _aNUST-CAE
_cM
_c8932
999 _c261875
_d261875